000 00299nam a2200121Ia 4500
008 190216s9999||||xx |||||||||||||| ||und||
100 _aKhamarunnisa Anwar
245 0 _aMalayalam-General-Malabarile Vishishta Vibhavangal
260 _bLipi Pub
300 _a96
650 _aMalayalam
942 _cBK
999 _c29034
_d29034